000
00312nam a2200133Ia 4500
008
191201s2014 xx 000 0 und d
100
_a
HASANSAEED,S
245
0
_a
Automatic Control Systems
250
_a
Rep
260
_a
N. delhi
_b
S.K.Kataria
_c
2014
300
_a
663
650
_a
B.Tech(ECE)
942
_2
ddc
_c
BK
_0
2
999
_c
40
_d
40